| 000 | 00333nam a2200121Ia 4500 | ||
|---|---|---|---|
| 008 | 220216s9999 xx 000 0 und d | ||
| 245 | 0 | _aRubber-city and the Thai rubber processing potentials | |
| 260 |
_bRubber International Magazine _c2003 |
||
| 300 | _a52-56 | ||
| 650 | _aRubber processing | ||
| 650 | _aRubber-city | ||
| 942 | _cJS | ||
| 999 |
_c68207 _d68207 |
||